| 000 | 00969nam a22002775a 4500 | ||
|---|---|---|---|
| 005 | 20240818093022.0 | ||
| 008 | 170112t2013 nyua frbd 001 0 eng d | ||
| 020 | _a9780815344568 | ||
| 040 |
_aEG-ScBUE _beng _cEG-ScBUE _dEG-ScBUE |
||
| 082 | 0 | 4 |
_222 _a572.86330285 _bAGO |
| 100 | 1 | _aAgostino, Michael J. | |
| 245 | 1 | 0 |
_aPractical bioinformatics / _cMichael Agostino. |
| 260 |
_aNew York ; _aLondon : _bGarland Science / Taylor & Francis Group, _cc.2013. |
||
| 300 |
_axi, 367 p. : _bill. ; _c28 cm. |
||
| 500 | _aIncludes glossary. | ||
| 504 | _aIncludes bibliographical references and indexes. | ||
| 650 | 0 |
_2BUEsh _aNucleotide sequence _xData processing. |
|
| 650 | 7 |
_2BUEsh _95545 _aBioinformatics. |
|
| 650 | 7 |
_2BUEsh _912933 _aComputational biology _xmethods. |
|
| 651 | _2BUEsh | ||
| 653 |
_bCOMSCI _cJanuary2017 |
||
| 942 |
_2ddc _hRDA-MOD |
||
| 999 |
_c23910 _d23882 |
||
| 336 |
_2rdacontent _atext _btxt |
||
| 337 |
_aunmediated _2rdamedia _bn |
||
| 338 |
_avolume _bnc _2rdacarrier |
||